CONTROL SYSTEMS ENGINEERING (Record no. 567583)

000 -LEADER
fixed length control field 00317nam a22001217a 4500
082 ## - DEWEY DECIMAL CLASSIFICATION NUMBER
Classification number 621.392 NAG'C
100 ## - MAIN ENTRY--PERSONAL NAME
Personal name GOPAL, M ,NAGRATH, I. J
9 (RLIN) 57287
245 ## - TITLE STATEMENT
Title CONTROL SYSTEMS ENGINEERING
260 ## - PUBLICATION, DISTRIBUTION, ETC.
Place of publication, distribution, etc. NEW DELHI
Name of publisher, distributor, etc. WILEY EASTERN LIMITED
Date of publication, distribution, etc. 1982
300 ## - PHYSICAL DESCRIPTION
Extent 725P
650 ## - SUBJECT ADDED ENTRY--TOPICAL TERM
Topical term or geographic name entry element CONTROL ENGINEERING
9 (RLIN) 34982
942 ## - ADDED ENTRY ELEMENTS (KOHA)
Koha item type Book
Holdings
Withdrawn status Lost status Damaged status Not for loan Permanent Location Current Location Shelving location Date acquired Total Checkouts Full call number Barcode Date last seen Price effective from Koha item type
        College of Electrical & Mechanical Engineering (CEME) College of Electrical & Mechanical Engineering (CEME) General Stacks 07/13/2017   621.392 NAG'C CEME-24942 06/28/2021 06/28/2021 Book
© 2023 Central Library, National University of Sciences and Technology. All Rights Reserved.